[Event "Mecklenburg VP LL2 Ost 2223"]
[Site "Mecklenburg VP"]
[Date "2023.04.23"]
[Round "8.5"]
[White "Kohn, Andreas"]
[Black "Wernike, Thomas"]
[Result "1-0"]
[WhiteElo "1958"]
[BlackElo "1385"]
[PlyCount "53"]
[EventDate "2022.10.23"]
[EventType "team-tourn"]
[EventRounds "9"]
[EventCountry "GER"]
[SourceTitle "EXT 2024"]
[Source "ChessBase"]
[SourceDate "2023.10.10"]
[SourceVersion "1"]
[SourceVersionDate "2023.10.10"]
[SourceQuality "1"]
[WhiteTeam "Stralsund HSG II"]
[BlackTeam "Gryps SV"]
[WhiteTeamCountry "GER"]
[BlackTeamCountry "GER"]

1. e4 e5 2. d4 c6 3. dxe5 Qa5+ 4. Nc3 Bb4 5. Bd2 Qxe5 6. Nf3 Qe7 7. Bd3 d5 8. 0-0 Nf6 9. exd5 cxd5 10. Re1 Be6 11. a3 Bxc3 12. Bxc3 Nbd7 13. Bb4 Nc5 14. Bb5+ Nfd7 15. Ne5 Rd8 16. Nxd7 Rxd7 17. Bxd7+ Kxd7 18. c4 Qd6 19. cxd5 Bxd5 20. Qd4 Kc6 21. Rac1 b6 22. Bxc5 bxc5 23. b4 c4 24. Red1 Rd8 25. Rxc4+ Kb7 26. Rc5 Qe6 27. Rxd5 1-0

[Event "Mecklenburg VP LL2 Ost 2223"]
[Site "Mecklenburg VP"]
[Date "2023.01.15"]
[Round "5.4"]
[White "Kohn, Andreas"]
[Black "Nauschuetz, Ernst"]
[Result "0-1"]
[WhiteElo "1958"]
[BlackElo "1929"]
[PlyCount "66"]
[EventDate "2022.10.23"]
[EventType "team-tourn"]
[EventRounds "9"]
[EventCountry "GER"]
[SourceTitle "EXT 2024"]
[Source "ChessBase"]
[SourceDate "2023.10.10"]
[SourceVersion "1"]
[SourceVersionDate "2023.10.10"]
[SourceQuality "1"]
[WhiteTeam "Stralsund HSG II"]
[BlackTeam "Greifswald II"]
[WhiteTeamCountry "GER"]
[BlackTeamCountry "GER"]

1. e4 c5 2. d4 cxd4 3. c3 g6 4. cxd4 d5 5. e5 Bg7 6. Nc3 Nc6 7. Nf3 f6 8. Bb5 Nh6 9. exf6 exf6 10. Qe2+ Kf7 11. Nxd5 Re8 12. Be3 Nf5 13. 0-0 Kf8 14. Qd2 Qxd5 15. Ba4 Bd7 16. Bb3 Qa5 17. Qd3 Re7 18. Qc4 Be6 19. d5 Nxe3 20. fxe3 Bf7 21. Ng5 Ne5 22. Nxh7+ Kg8 23. Qh4 Bxd5 24. Nxf6+ Bxf6 25. Qxf6 Rd8 26. Bc2 Qb6 27. Qg5 Kg7 28. Rad1 Bc4 29. Rf5 Nf7 30. Qg4 Qxe3+ 31. Rf2 Qe1+ 32. Rf1 Qe3+ 33. Kh1 Ne5 0-1

[Event "Mecklenburg VP Verbandsliga 2122"]
[Site "Mecklenburg VP"]
[Date "2022.03.06"]
[Round "6.6"]
[White "Streit, Bodo"]
[Black "Kohn, Andreas"]
[Result "1/2-1/2"]
[WhiteElo "1872"]
[BlackElo "1958"]
[PlyCount "28"]
[EventDate "2021.10.24"]
[EventType "team-tourn"]
[EventRounds "9"]
[EventCountry "GER"]
[SourceTitle "EXT 2024"]
[Source "ChessBase"]
[SourceDate "2023.10.10"]
[SourceVersion "1"]
[SourceVersionDate "2023.10.10"]
[SourceQuality "1"]
[WhiteTeam "Grevesmuehlen Blau Weiss"]
[BlackTeam "Stralsund HSG"]
[WhiteTeamCountry "GER"]
[BlackTeamCountry "GER"]

1. b4 e5 2. Bb2 Bxb4 3. Bxe5 Nf6 4. Nf3 0-0 5. e3 Nc6 6. Bc4 Re8 7. Bb2 d5 8. Bd3 Bg4 9. h3 Bh5 10. 0-0 Ne4 11. c4 dxc4 12. Bxc4 Qe7 13. Be2 Rad8 14. d4 Bd6 1/2-1/2

[Event "Mecklenburg VP VL1819"]
[Site "Mecklenburg VP"]
[Date "2019.02.24"]
[Round "6.3"]
[White "Kohn, Andreas"]
[Black "Zentgraf, Robert"]
[Result "0-1"]
[WhiteElo "1888"]
[BlackElo "2105"]
[PlyCount "92"]
[EventDate "2018.10.21"]
[EventType "team-tourn"]
[EventRounds "9"]
[EventCountry "GER"]
[SourceTitle "EXT 2022"]
[Source "ChessBase"]
[SourceDate "2021.10.06"]
[SourceVersion "1"]
[SourceVersionDate "2021.10.06"]
[SourceQuality "1"]
[WhiteTeam "Stralsund FHSG"]
[BlackTeam "Torgelow Droegeheide"]
[WhiteTeamCountry "GER"]
[BlackTeamCountry "GER"]

1. e4 c5 2. Nf3 g6 3. d4 cxd4 4. Nxd4 Bg7 5. Nc3 Nc6 6. Be3 Nf6 7. f3 0-0 8. Qd2 d5 9. exd5 Nxd5 10. Nxc6 bxc6 11. Bd4 e5 12. Bc5 Re8 13. Nxd5 cxd5 14. Bb5 Bd7 15. Bxd7 Qxd7 16. 0-0 Qc6 17. Ba3 d4 18. Qd3 Rac8 19. Rf2 Bh6 20. Re2 Be3+ 21. Kh1 Bf4 22. Rae1 Re6 23. b3 Qa6 24. Bb2 Qxa2 25. Bc1 Bxc1 26. Rxc1 Qb2 27. Qd1 Qc3 28. Ra1 a6 29. h3 Rc5 30. Ra4 Ra5 31. Rxa5 Qxa5 32. Qd3 Qb5 33. Qd2 Kg7 34. f4 f6 35. Re1 Qb6 36. Qd3 Qd6 37. f5 Re7 38. Ra1 e4 39. Qc4 e3 40. Qe2 gxf5 41. Ra5 Re5 42. Ra4 a5 43. Kg1 Rc5 44. Qd3 Qe5 45. Rxd4 e2 46. Rd7+ Kg6 0-1

[Event "Oberliga Nord O 1718"]
[Site "Germany"]
[Date "2018.04.15"]
[Round "9.4"]
[White "Kalhorn, Stefan"]
[Black "Kohn, Andreas"]
[Result "1/2-1/2"]
[WhiteElo "2122"]
[BlackElo "1955"]
[PlyCount "34"]
[EventDate "2017.10.08"]
[EventType "team-tourn"]
[EventRounds "9"]
[EventCountry "GER"]
[SourceTitle "EXT 2019"]
[Source "ChessBase"]
[SourceDate "2018.10.10"]
[SourceVersion "1"]
[SourceVersionDate "2018.10.10"]
[SourceQuality "1"]
[WhiteTeam "Greifswald"]
[BlackTeam "Stralsund"]
[WhiteTeamCountry "GER"]
[BlackTeamCountry "GER"]

1. d4 Nf6 2. c4 e5 3. dxe5 Ng4 4. Bf4 Bb4+ 5. Nd2 Nc6 6. Ngf3 Qe7 7. e3 0-0 8. Be2 Ngxe5 9. Nxe5 Nxe5 10. a3 Bxd2+ 11. Qxd2 d6 12. 0-0 Bf5 13. Qc3 Rfe8 14. Rfd1 Be4 15. Rac1 Ng6 16. Bg3 Qg5 17. f3 Bc6 1/2-1/2

[Event "Oberliga Nord O 1718"]
[Site "Germany"]
[Date "2017.10.23"]
[Round "2.5"]
[White "Kirst, Julia"]
[Black "Kohn, Andreas"]
[Result "1/2-1/2"]
[WhiteElo "1951"]
[BlackElo "1955"]
[PlyCount "58"]
[EventDate "2017.10.08"]
[EventType "team-tourn"]
[EventRounds "9"]
[EventCountry "GER"]
[SourceTitle "EXT 2019"]
[Source "ChessBase"]
[SourceDate "2018.10.10"]
[SourceVersion "1"]
[SourceVersionDate "2018.10.10"]
[SourceQuality "1"]
[WhiteTeam "Cottbus Lokomotive"]
[BlackTeam "Stralsund"]
[WhiteTeamCountry "GER"]
[BlackTeamCountry "GER"]

1. Nf3 d5 2. g3 Nf6 3. Bg2 c6 4. 0-0 Bg4 5. d3 e6 6. Qe1 Nbd7 7. Nbd2 Be7 8. e4 dxe4 9. dxe4 e5 10. h3 Bh5 11. Nh4 Bg6 12. Nf5 Bxf5 13. exf5 Qc7 14. Nc4 0-0-0 15. b4 Nd5 16. c3 g6 17. fxg6 hxg6 18. Ne3 N7f6 19. a3 Qd7 20. Nxd5 Nxd5 21. c4 Nb6 22. Qxe5 Nxc4 23. Qe4 Bf6 24. Qxc4 Bxa1 25. Be3 Bb2 26. b5 Qd3 27. Qxf7 Qxb5 28. Bf4 Rd7 29. Qxg6 Be5 1/2-1/2

[Event "Oberliga Nord O 1718"]
[Site "Germany"]
[Date "2017.10.08"]
[Round "1.4"]
[White "Kohn, Andreas"]
[Black "Heuer, Thomas"]
[Result "0-1"]
[WhiteElo "1955"]
[BlackElo "2105"]
[PlyCount "48"]
[EventDate "2017.10.08"]
[EventType "team-tourn"]
[EventRounds "9"]
[EventCountry "GER"]
[SourceTitle "EXT 2019"]
[Source "ChessBase"]
[SourceDate "2018.10.10"]
[SourceVersion "1"]
[SourceVersionDate "2018.10.10"]
[SourceQuality "1"]
[WhiteTeam "Stralsund"]
[BlackTeam "Neuruppin"]
[WhiteTeamCountry "GER"]
[BlackTeamCountry "GER"]

1. e4 c5 2. Nf3 Nc6 3. d4 cxd4 4. Nxd4 g6 5. Nc3 Bg7 6. Be3 Nf6 7. Qd2 0-0 8. Bc4 Nxe4 9. Bxf7+ Rxf7 10. Nxe4 d5 11. Ng5 Rf6 12. Ngf3 e5 13. Nb3 Rf8 14. 0-0-0 d4 15. Bh6 Bf5 16. Bxg7 Kxg7 17. h4 Rc8 18. h5 Nb4 19. Nbxd4 exd4 20. Nxd4 Nd3+ 21. Kb1 Qxd4 22. cxd3 Rcd8 23. Qg5 Bxd3+ 24. Ka1 Rxf2 0-1

[Event "Mecklenburg VP VL 1516"]
[Site "Mecklenburg VP"]
[Date "2016.02.21"]
[Round "6.4"]
[White "Wecke, Thoralf"]
[Black "Kohn, Andreas"]
[Result "1/2-1/2"]
[WhiteElo "1907"]
[BlackElo "1947"]
[PlyCount "23"]
[EventDate "2015.09.20"]
[EventType "team-tourn"]
[EventRounds "9"]
[EventCountry "GER"]
[SourceTitle "EXT 2022"]
[Source "ChessBase"]
[SourceDate "2021.10.06"]
[SourceVersion "1"]
[SourceVersionDate "2021.10.06"]
[SourceQuality "1"]
[WhiteTeam "Grevesmuehlen Blau Weiss"]
[BlackTeam "Stralsund FHSG"]
[WhiteTeamCountry "GER"]
[BlackTeamCountry "GER"]

1. d4 c5 2. dxc5 Qa5+ 3. c3 Qxc5 4. e4 Nf6 5. Be3 Qc7 6. f3 e6 7. Nd2 Bc5 8. Bxc5 Qxc5 9. Nb3 Qb6 10. Qd4 Qc7 11. 0-0-0 Nc6 12. Qd6 1/2-1/2

[Event "Mecklenburg VP VL 1516"]
[Site "Mecklenburg VP"]
[Date "2015.12.13"]
[Round "4.4"]
[White "Fidorra, Thomas"]
[Black "Kohn, Andreas"]
[Result "1-0"]
[WhiteElo "1940"]
[BlackElo "1947"]
[PlyCount "57"]
[EventDate "2015.09.20"]
[EventType "team-tourn"]
[EventRounds "9"]
[EventCountry "GER"]
[SourceTitle "EXT 2022"]
[Source "ChessBase"]
[SourceDate "2021.10.06"]
[SourceVersion "1"]
[SourceVersionDate "2021.10.06"]
[SourceQuality "1"]
[WhiteTeam "Guestrow/Teterow"]
[BlackTeam "Stralsund FHSG"]
[WhiteTeamCountry "GER"]
[BlackTeamCountry "GER"]

1. e4 e6 2. d4 d5 3. Nc3 Bb4 4. Nge2 Ne7 5. a3 Bxc3+ 6. Nxc3 b6 7. Bg5 dxe4 8. Nxe4 Qd5 9. Bd3 Nbc6 10. Bf6 0-0 11. 0-0 Bb7 12. c4 Qf5 13. Bxe7 Nxe7 14. Nd6 Qf6 15. Nxb7 Rab8 16. Be4 Nf5 17. Qd3 Nxd4 18. Rad1 e5 19. f4 Rfe8 20. fxe5 Qxe5 21. Qxd4 Qxe4 22. Qxe4 Rxe4 23. c5 f6 24. c6 Re2 25. Rd7 Rc8 26. Rfd1 Kf8 27. Rd8+ Re8 28. Rxc8 Rxc8 29. Rd7 1-0

[Event "Mecklenburg VP VL 1415"]
[Site "Mecklenburg VP"]
[Date "2015.01.18"]
[Round "5.3"]
[White "Pererva, Viktor"]
[Black "Kohn, Andreas"]
[Result "0-1"]
[WhiteElo "2013"]
[BlackElo "1926"]
[PlyCount "84"]
[EventDate "2014.09.21"]
[EventType "team-tourn"]
[EventRounds "9"]
[EventCountry "GER"]
[SourceTitle "EXT 2022"]
[Source "ChessBase"]
[SourceDate "2021.10.06"]
[SourceVersion "1"]
[SourceVersionDate "2021.10.06"]
[SourceQuality "1"]
[WhiteTeam "Rostock SSC 07 II"]
[BlackTeam "Stralsund FHSG"]
[WhiteTeamCountry "GER"]
[BlackTeamCountry "GER"]

1. e4 e6 2. d4 d5 3. Nc3 Bb4 4. Nge2 Nf6 5. e5 Nfd7 6. a3 Ba5 7. b4 Bb6 8. Be3 0-0 9. Na4 f6 10. Nxb6 Nxb6 11. Ng3 fxe5 12. dxe5 Nc6 13. Bd4 Qg5 14. Be2 Nxd4 15. Qxd4 Nd7 16. 0-0 Qxe5 17. Qxe5 Nxe5 18. Rfe1 Ng6 19. Rad1 c6 20. c3 b5 21. Bd3 Nf4 22. Bc2 Bd7 23. Ne2 Nxe2+ 24. Rxe2 a5 25. g3 axb4 26. axb4 Rf3 27. Rd3 Rxd3 28. Bxd3 Ra3 29. Re3 g6 30. Be2 Kf7 31. h4 e5 32. Kg2 Bf5 33. Bf3 h5 34. Be2 Be4+ 35. Bf3 Bxf3+ 36. Kxf3 Kf6 37. Ke2 e4 38. f3 Ra2+ 39. Kf1 Kf5 40. fxe4+ dxe4 41. Ke1 Ke5 42. Kd1 Rf2 0-1

[Event "Mecklenburg VP VL 1314"]
[Site "Mecklenburg VP"]
[Date "2014.02.23"]
[Round "6.3"]
[White "Kohn, Andreas"]
[Black "Kross, Gunnar"]
[Result "1/2-1/2"]
[WhiteElo "1923"]
[BlackElo "1972"]
[PlyCount "39"]
[EventDate "2013.10.20"]
[EventType "team-tourn"]
[EventRounds "9"]
[EventCountry "GER"]
[SourceTitle "EXT 2022"]
[Source "ChessBase"]
[SourceDate "2021.10.06"]
[SourceVersion "1"]
[SourceVersionDate "2021.10.06"]
[SourceQuality "1"]
[WhiteTeam "Stralsund FHSG"]
[BlackTeam "Grevesmuehlen Blau Weiss"]
[WhiteTeamCountry "GER"]
[BlackTeamCountry "GER"]

1. e4 c6 2. d4 d5 3. Nc3 dxe4 4. Nxe4 Nd7 5. Bc4 Ngf6 6. Ng5 e6 7. Qe2 Nb6 8. Bb3 h6 9. N5f3 Be7 10. Bf4 a5 11. c3 a4 12. Bc2 Nbd5 13. Bd2 Qc7 14. Ne5 Nd7 15. Ngf3 b6 16. 0-0 Ba6 17. c4 a3 18. bxa3 N5f6 19. Rfe1 Nxe5 20. dxe5 1/2-1/2

[Event "Mecklenburg VP VL 1314"]
[Site "Mecklenburg VP"]
[Date "2014.01.19"]
[Round "5.3"]
[White "Ruesch, Hans Joachim"]
[Black "Kohn, Andreas"]
[Result "1-0"]
[WhiteElo "1984"]
[BlackElo "1923"]
[PlyCount "55"]
[EventDate "2013.10.20"]
[EventType "team-tourn"]
[EventRounds "9"]
[EventCountry "GER"]
[SourceTitle "EXT 2022"]
[Source "ChessBase"]
[SourceDate "2021.10.06"]
[SourceVersion "1"]
[SourceVersionDate "2021.10.06"]
[SourceQuality "1"]
[WhiteTeam "Warnemuende SF Ostsee"]
[BlackTeam "Stralsund FHSG"]
[WhiteTeamCountry "GER"]
[BlackTeamCountry "GER"]

1. d4 c5 2. d5 e5 3. e4 d6 4. Nc3 g6 5. Nf3 Bg7 6. Be2 Ne7 7. Bg5 Nd7 8. Qd2 Nf6 9. h3 a6 10. a4 0-0 11. g4 Bd7 12. Qe3 Ne8 13. Nd2 f6 14. Bh6 g5 15. Bxg7 Kxg7 16. a5 Ng6 17. Nc4 Nf4 18. Rh2 Nc7 19. Nxd6 Bxg4 20. Nxb7 Qb8 21. hxg4 Qxb7 22. Qxc5 Rf7 23. Na4 Nb5 24. Bxb5 axb5 25. Nb6 Rc7 26. Qd6 Ra7 27. Kd2 Ng6 28. Rh6 1-0

[Event "Mecklenburg VP VL 1314"]
[Site "Mecklenburg VP"]
[Date "2013.11.24"]
[Round "3.3"]
[White "Helms, Sven"]
[Black "Kohn, Andreas"]
[Result "1-0"]
[WhiteElo "1907"]
[BlackElo "1923"]
[PlyCount "67"]
[EventDate "2013.10.20"]
[EventType "team-tourn"]
[EventRounds "9"]
[EventCountry "GER"]
[SourceTitle "EXT 2022"]
[Source "ChessBase"]
[SourceDate "2021.10.06"]
[SourceVersion "1"]
[SourceVersionDate "2021.10.06"]
[SourceQuality "1"]
[WhiteTeam "Schwerin SF III"]
[BlackTeam "Stralsund FHSG"]
[WhiteTeamCountry "GER"]
[BlackTeamCountry "GER"]

1. d4 Nf6 2. c4 e5 3. dxe5 Ng4 4. Nf3 Bc5 5. e3 Nc6 6. Bd2 Ngxe5 7. Nxe5 Nxe5 8. Bc3 d6 9. Nd2 Qe7 10. Nf3 Bg4 11. Qa4+ Bd7 12. Qc2 a5 13. Nxe5 dxe5 14. Bd3 Qg5 15. Be4 f5 16. Bxb7 Rb8 17. Bf3 Bb4 18. h4 Qe7 19. 0-0-0 e4 20. Bh5+ Kf8 21. Rd5 Be6 22. Re5 g6 23. Be2 Kf7 24. g4 Qd7 25. gxf5 Bxf5 26. Rd1 Qc6 27. c5 Rhd8 28. Rxd8 Rxd8 29. Qb3+ Kf8 30. Bd4 Rb8 31. Qc4 Be1 32. Rxf5+ gxf5 33. Bh5 Qd7 34. c6 1-0

[Event "Mecklenburg VP VL 1112"]
[Site "Mecklenburg VP"]
[Date "2011.12.11"]
[Round "4.4"]
[White "Hanisch, Sebastian"]
[Black "Kohn, Andreas"]
[Result "1-0"]
[WhiteElo "1953"]
[BlackElo "1914"]
[PlyCount "43"]
[EventDate "2011.10.02"]
[EventType "team-tourn"]
[EventRounds "9"]
[EventCountry "GER"]
[SourceTitle "EXT 2022"]
[Source "ChessBase"]
[SourceDate "2021.10.06"]
[SourceVersion "1"]
[SourceVersionDate "2021.10.06"]
[SourceQuality "1"]
[WhiteTeam "Schwerin SF"]
[BlackTeam "Stralsund FHSG"]
[WhiteTeamCountry "GER"]
[BlackTeamCountry "GER"]

1. Nf3 d5 2. b3 Nf6 3. Bb2 Bg4 4. e3 e6 5. Be2 c5 6. 0-0 Nc6 7. d4 cxd4 8. Nxd4 Bxe2 9. Qxe2 Nxd4 10. Bxd4 a6 11. Nd2 Be7 12. c4 0-0 13. Rac1 Rc8 14. Rc2 dxc4 15. Nxc4 Nd5 16. Rd1 b5 17. Ne5 Rxc2 18. Qxc2 Qc7 19. Qxc7 Nxc7 20. e4 f6 21. Nc6 Re8 22. Bb6 1-0

[Event "Mecklenburg VP VL 1112"]
[Site "Mecklenburg VP"]
[Date "2011.11.20"]
[Round "3.3"]
[White "Kohn, Andreas"]
[Black "Wolke, Heiko"]
[Result "1/2-1/2"]
[WhiteElo "1914"]
[BlackElo "1912"]
[PlyCount "43"]
[EventDate "2011.10.02"]
[EventType "team-tourn"]
[EventRounds "9"]
[EventCountry "GER"]
[SourceTitle "EXT 2022"]
[Source "ChessBase"]
[SourceDate "2021.10.06"]
[SourceVersion "1"]
[SourceVersionDate "2021.10.06"]
[SourceQuality "1"]
[WhiteTeam "Stralsund FHSG"]
[BlackTeam "Warnemuende SF Ostsee"]
[WhiteTeamCountry "GER"]
[BlackTeamCountry "GER"]

1. e4 c6 2. d4 d5 3. Nc3 dxe4 4. Nxe4 Nf6 5. Nxf6+ exf6 6. Bc4 Be6 7. Bxe6 fxe6 8. Qg4 Qd5 9. Ne2 Nd7 10. Nf4 Qf5 11. Qe2 0-0-0 12. 0-0 Re8 13. c4 Bd6 14. g4 Qg5 15. Nxe6 Qh4 16. f4 h5 17. d5 hxg4 18. Qg2 Nc5 19. Nxg7 Nd3 20. Nf5 Bc5+ 21. Kh1 Nf2+ 22. Kg1 1/2-1/2